000 00247nam a2200109Ia 4500
100 _aMitra/Amitava
942 _c#NAME?
245 _aFundamentals of quality control and improvement
260 _bPearson Education
082 _a658
300 _a723
999 _c31077
_d31077